Marxismo y existencialismo
Gorde:
| Egile nagusia: | |
|---|---|
| Formatua: | Liburua |
| Hizkuntza: | gaztelania |
| Argitaratua: |
Buenos Aires
Paidos
1966
|
| Saila: | Biblioteca del Hombre Contemporáneo, 151
|
| Gaiak: | |
| Etiketak: |
Etiketa erantsi
Etiketarik gabe, Izan zaitez lehena erregistro honi etiketa jartzen!
|
MARC
| LEADER | 00000nam a2200000 a 4500 | ||
|---|---|---|---|
| 001 | UCX5640 | ||
| 003 | CL-VaPUC | ||
| 008 | 921216e19660000AG |||||||||||||||||spa|d | ||
| 082 | 0 | 4 | |a 142.7 |b ODA |2 21 |
| 100 | |a Odajnyk, Walter |e autor |9 321964 | ||
| 245 | 1 | 0 | |a Marxismo y existencialismo |
| 300 | |a 274 p | ||
| 942 | |c BK | ||
| 945 | |d 19921216 00:00:00 | ||
| 260 | |a Buenos Aires |b Paidos |c 1966 | ||
| 650 | 0 | |a Existencialismo |9 265698 | |
| 650 | 7 | |a MATERIALISMO DIALECTICO |2 CL-VaPUC |9 315449 | |
| 650 | 7 | |a MARXISMO |2 CL-VaPUC |9 321965 | |
| 583 | |a last modification |c 19921216 00:00:00 |k Rodrigo Vera | ||
| 490 | 0 | |a Biblioteca del Hombre Contemporáneo, 151 | |
| 999 | |c 225843 |d 225841 | ||
| 952 | |0 0 |1 0 |4 0 |6 142_700000000000000_ODA_1966 |7 0 |8 A |9 223715 |a BIBHIS |b BIBHIS |d 2019-11-15 |i 2925516 |o 142.7 ODA 1966 |p 2925516 |r 2025-01-20 |w 2019-11-15 |y BK |k HIS | ||